Agenda Mercantil 2013

Detalles Bibliográficos
Formato: Seriadas
Lenguaje:español
Publicado: Mx̌ico D.F. : Ediciones Fiscales ISEF, 2013
Materias:
Acceso en línea:http://www.vlex.com/source/7338

MARC

LEADER 00000nas a22000007a 4500
005 20130326161429.0
007 cr|||| ||||
008 130326e2013 mx |||||s|||| 00||0 spa d
035 |a 7338 
040 |a vLex 
090 |c 4027  |d 4027 
245 0 0 |a Agenda Mercantil 2013  |h [Recurso electrn̤ico]  
256 |a Servicio en ln̕ea 
260 |a Mx̌ico D.F. :  |b Ediciones Fiscales ISEF,   |c 2013  
300 |a 1 Recurso electrn̤ico 
506 |d vLex Global  |d vLex Global (Academic Edition, excluding Law Schools)  |d vLex Global (U.S. Academic Edition, Law Schools)  |d vLex Global (U.S. Academic Edition, excluding Law Schools)  |d vLex Global (Academic Edition, Law Schools) 
650 0 4 |a Derecho mercantil  |z Mx̌ico 
740 |a vLex Libros (Servicio en ln̕ea) 
856 |a Acceso restringido  |u http://www.vlex.com/source/7338 
942 |c BOOK 
999 0 |a Commercial law